[Event "GRE-ch U14"]
[Site "Achaia"]
[Date "2017.06.28"]
[Round "4"]
[White "Goutis, Panagiotis"]
[Black "Digenis, Marios"]
[Result "1-0"]
[WhiteElo "1522"]
[BlackElo "1182"]
[PlyCount "71"]
[EventDate "2017.06.26"]
[EventType "swiss"]
[EventRounds "9"]
[EventCountry "GRE"]
[SourceTitle "EXT 2018"]
[Source "ChessBase"]
[SourceDate "2017.10.13"]
[SourceVersion "1"]
[SourceVersionDate "2017.10.13"]
[SourceQuality "1"]

1. d4 c5 2. e3 e6 3. Nf3 Nf6 4. Be2 Nc6 5. 0-0 cxd4 6. exd4 d5 7. b3 Be7 8. Bb2 0-0 9. Nbd2 b6 10. a3 Bb7 11. Bd3 Rc8 12. Qe2 Qc7 13. Kh1 Rfe8 14. Rac1 Red8 15. Rfd1 Nd7 16. Re1 Nf8 17. Ne5 Nxe5 18. dxe5 Ng6 19. Qg4 Qd7 20. f4 Qe8 21. Re3 Bf8 22. Rh3 h6 23. Nf3 Be7 24. Bxg6 fxg6 25. Qxe6+ Kh7 26. Qg4 Bc6 27. Nd4 Bb7 28. Ne6 Qb5 29. Rf3 Re8 30. Nd4 Qc5 31. Rg3 g5 32. Qf5+ Kh8 33. Ne6 Qc6 34. fxg5 Bxg5 35. Nxg5 hxg5 36. Rh3+ 1-0

[Event "GRE-ch U12"]
[Site "Porto Rio"]
[Date "2016.07.03"]
[Round "8"]
[White "Papanikolaou, Petros"]
[Black "Digenis, Marios"]
[Result "1/2-1/2"]
[WhiteElo "1085"]
[BlackElo "1088"]
[PlyCount "93"]
[EventDate "2016.06.28"]
[EventType "swiss"]
[EventRounds "9"]
[EventCountry "GRE"]
[SourceTitle "CBM 173 Extra"]
[Source "ChessBase"]
[SourceDate "2016.08.29"]
[SourceVersion "1"]
[SourceVersionDate "2016.08.29"]
[SourceQuality "1"]

1. e4 c5 2. Nf3 Nc6 3. d4 cxd4 4. Nxd4 g6 5. Bc4 Nf6 6. 0-0 Nxe4 7. Bf4 Bg7 8. Nb5 0-0 9. Qc1 d6 10. Bh6 Bd7 11. N5c3 Nf6 12. Bxg7 Kxg7 13. Nd5 Be6 14. Nbc3 Na5 15. b3 Nxc4 16. bxc4 Nxd5 17. Nxd5 Kg8 18. Qh6 Rc8 19. Rfe1 Rxc4 20. Re3 Rxc2 21. Re4 Bf5 22. Rh4 g5 23. Qxg5+ Bg6 24. Nxe7+ Kh8 25. Nxg6+ fxg6 26. Qh6 Qe7 27. Qxg6 Rcxf2 28. Re4 hxg6 29. Rxe7 R8f7 30. Rae1 Rf1+ 31. Rxf1 Rxe7 32. Rf6 Kg7 33. Rxd6 b5 34. Rd5 Rb7 35. h4 b4 36. g4 b3 37. axb3 Rxb3 38. Rd7+ Kf8 39. Rxa7 Rg3+ 40. Kf2 Rxg4 41. Ra6 Kg7 42. Ra7+ Kh6 43. Ra8 Rxh4 44. Ra6 Rf4+ 45. Kg3 Rf8 46. Kg4 Rg8 47. Rf6 1/2-1/2